| 000 | 00986cad a22002295a 4500 | ||
|---|---|---|---|
| 001 | L156424 | ||
| 008 | 120521s2007 xxk f 000 0 eng d | ||
| 035 | _a(Sirsi) u156424 | ||
| 041 | 0 | _aeng | |
| 110 | 0 | _aAutodesk, Inc | |
| 245 | 0 | 0 |
_aBIM in China _h[electronic resource] |
| 260 |
_aUSA _bAutodesk, Inc _c2007 |
||
| 505 | _aUnparalleled growth -- China's building industry and BIM -- Wuhan Architectural Design Institute -- Shenyang Municipal Architectural Design Institute -- Challenges and opportunities | ||
| 520 | _aThis paper examines how building information modeling (BIM) is providing a competitive advantage to architects in China - a country experiencing the world's largest construction boom. | ||
| 590 | _aKA | ||
| 650 | _aBUILDING INFORMATION MODELLING | ||
| 650 | 2 | 4 |
_aBIM _96219 |
| 651 | 4 | _aChina | |
| 690 |
_aBIM _96219 |
||
| 856 | 4 | 0 |
_uhttps://academics.triton.edu/faculty/fheitzman/BIM-in-China.pdf _zRead the paper here ://academics.triton.edu |
| 942 | _n0 | ||
| 999 |
_c114248 _d114248 |
||